Normal view
MARC view
Entry Personal Name
001 - CONTROL NUMBER
- control field: 24927
003 - CONTROL NUMBER IDENTIFIER
- control field: OSt
005 - DATE AND TIME OF LATEST TRANSACTION
- control field: 20230601090905.0
008 - FIXED-LENGTH DATA ELEMENTS
- fixed length control field: 230601|| aca||aabn | a|a d
040 ## - CATALOGING SOURCE
- Original cataloging agency: OSt
- Transcribing agency: OSt
100 ## - HEADING--PERSONAL NAME
- Personal name: သုၶမ်း (တၢင်ႉယၢၼ်း)၊
- Titles and other words associated with a name: ၸဝ်ႈ။
670 ## - SOURCE DATA FOUND
- Source citation: Work cat.: (OSt): သုၶမ်း (တၢင်ႉယၢၼ်း)၊ ၸဝ်ႈ။, တြႃးဝိပသ်သၼႃႇၵမ်ႇမထၢၼ်းလႄႈ ၵၢပ်ႈပၢၼ်ယၢမ်းလဵဝ် -